| 000 | 01294nam a2200325Ia 4500 | ||
|---|---|---|---|
| 001 | ebr10326862 | ||
| 003 | CaPaEBR | ||
| 006 | m u | ||
| 007 | cr cn||||||||| | ||
| 008 | 960411s1996 enka sb 001 0 eng d | ||
| 020 | _z9780761951124 | ||
| 020 | _z0761951121 | ||
| 020 | _z076195113X (pbk) | ||
| 040 |
_aCaPaEBR _cCaPaEBR |
||
| 035 | _a(OCoLC)650013518 | ||
| 050 | 1 | 4 |
_aJN30 _b.E87 1996eb |
| 245 | 0 | 4 |
_aThe European Union _h[electronic resource] : _bhow democratic is it? / _cedited by Svein S. Andersen and Kjell A. Eliassen. |
| 260 |
_aLondon ; _aThousand Oaks, CA : _bSage, _c1996. |
||
| 300 |
_avi, 295 p. : _bill. |
||
| 504 | _aIncludes bibliographical references (p. [273]-292) and index. | ||
| 533 |
_aElectronic reproduction. _bPalo Alto, Calif. : _cebrary, _d2009. _nAvailable via World Wide Web. _nAccess may be limited to ebrary affiliated libraries. |
||
| 610 | 2 | 0 | _aEuropean Union. |
| 650 | 0 |
_aDemocracy _zEurope. |
|
| 651 | 0 |
_aEuropean Union countries _xPolitics and government. |
|
| 655 | 7 |
_aElectronic books. _2local |
|
| 700 | 1 |
_aAndersen, Svein S., _d1952- |
|
| 700 | 1 | _aEliassen, Kjell A. | |
| 710 | 2 | _aebrary, Inc. | |
| 856 | 4 | 0 |
_uhttp://site.ebrary.com/lib/rucke/Doc?id=10326862 _zAn electronic book accessible through the World Wide Web; click to view |
| 999 |
_c56114 _d56114 |
||